Statistics for Ajax squad 2019-2020

Click here to take the quiz!

General Stats

  • This quiz has been taken 54 times
    (48 since last reset)
  • The average score is 13 of 27

Answer Stats

PositionNumberNationPlayer% Correct
LW22MoroccoHakim Ziyech
81%
ST10SerbiaDusan Tadic
79%
GK24CameroonAndre Onana
74%
RW7BrazilDavid Neres
72%
LB3NetherlandsJoel Veltman
67%
LB31ArgentinaNicolas Tagliafico
67%
RB12MoroccoNoussair Mazraoui
67%
ST25DenmarkKasper Dolberg
65%
ST9NetherlandsKlaas-Jan Huntelaar
63%
CAM6NetherlandsDonny van de Beek
60%
Coach-NetherlandsErik Ten Hag
58%
CB5ArgentinaLisandro Martinez
58%
CM-RomaniaRazvan Marin
51%
CB27NetherlandsPerr Schuurs
47%
CM19MoroccoZakaria Labyad
47%
RB2DenmarkRasmus Kristensen
42%
GK28PortugalBruno Varela
40%
CB16ArgentinaLisandro Magallan
37%
CM-NetherlandsSiem de Jong
37%
RW11NetherlandsQuincy Promes
35%
LW18Burkina FasoHassane Bande
33%
GK-NetherlandsKjell Scherpen
30%
CM15NetherlandsCarel Eiting
26%
GK-NetherlandsBenjamin van Leer
16%
CB4NetherlandsKik Pierie
16%
CM30NetherlandsDani de Wit
12%
ST8DenmarkVictor Jensen
2%

Score Distribution

Percentile by Number Answered

Percent of People with Each Score

Your Score History

You have not taken this quiz since the last reset